| 000 | 00417cam a22001337a 4500 | ||
|---|---|---|---|
| 008 | 180718b1983 xxu||||| |||| 00| 0 eng d | ||
| 082 | _aW47 K527 | ||
| 100 | _aKhan, MZ | ||
| 245 |
_aVictims of fatal motor- vehicle accidents _cby MZ Khan and KP Krishna |
||
| 260 |
_aNew Delhi _bInstitute of Criminolgy and Forensic Science _c1983 |
||
| 300 | _ax, 112p. | ||
| 650 | _aAccidents --Motor vehicle | ||
| 700 | _aKrishna, KP | ||
| 999 |
_c436256 _d436256 |
||